[Event "18th American Continental"]
[Site "Foz do Iguacu BRA"]
[Date "2025.05.24"]
[Round "2.54"]
[White "Villanueva, Mario"]
[Black "Gonzalez, Augusto"]
[Result "1-0"]
[WhiteTitle "IM"]
[WhiteElo "2454"]
[BlackElo "1937"]
[WhiteFideId "113433"]
[BlackFideId "3702529"]
[EventDate "2025.05.23"]

1. e4 e5 2. Nf3 Nf6 3. Nxe5 d6 4. Nf3 Nxe4 5. d4 d5 6. Bd3 Nc6 7. O-O Be7 8.
Nbd2 Nxd2 9. Bxd2 Bg4 10. c3 O-O 11. h3 Bh5 12. g3 Qd7 13. Kg2 Bg6 14. Ne1 Bxd3
15. Nxd3 b6 16. Qf3 Rad8 17. Rfe1 Bf6 18. Re2 Bxd4 19. cxd4 Nxd4 20. Qh5 Nxe2
21. Qxe2 Rfe8 22. Qf3 c5 23. b3 Qb5 24. Nf4 d4 25. Rc1 Qd7 26. a4 Rc8 27. Rc4
Red8 28. Nd3 Qe7 29. h4 a6 30. h5 b5 31. axb5 axb5 32. Rxc5 Rxc5 33. Bb4 Rdc8
34. Bxc5 Rxc5 35. Qa8+ 1-0

[Event "18th American Continental"]
[Site "Foz do Iguacu BRA"]
[Date "2025.05.24"]
[Round "2.55"]
[White "Melian, Juan Sebastian"]
[Black "Bosco, Giuliana"]
[Result "1-0"]
[WhiteTitle "FM"]
[BlackTitle "WCM"]
[WhiteElo "2358"]
[BlackElo "1998"]
[WhiteFideId "3706575"]
[BlackFideId "142611"]
[EventDate "2025.05.23"]

1. Nf3 Nf6 2. c4 g6 3. d4 Bg7 4. Nc3 O-O 5. e4 d6 6. h3 e5 7. d5 a5 8. g4 Na6 9.
Be3 Nc5 10. Nd2 b6 11. Be2 Bb7 12. Qc2 c6 13. g5 Nfd7 14. dxc6 Bxc6 15. O-O-O a4
16. h4 Ne6 17. Nf3 Ndc5 18. h5 Qb8 19. Rh4 Rc8 20. Kb1 Qb7 21. Rxd6 Rd8 22.
Rxd8+ Rxd8 23. Nd5 b5 24. hxg6 hxg6 25. cxb5 Bxd5 26. exd5 Qxd5 27. Rc4 e4 28.
Nd2 Nd3 29. Bxd3 exd3 30. Qxa4 Qe5 31. Qb3 Rd5 32. a4 Nd4 33. Bxd4 Rxd4 34. Rxd4
Qxd4 35. b6 Qxf2 36. b7 Be5 37. b8=Q+ Bxb8 38. Qxb8+ Kh7 39. Qb4 1-0

[Event "18th American Continental"]
[Site "Foz do Iguacu BRA"]
[Date "2025.05.24"]
[Round "2.56"]
[White "Navarro Canete, Facundo Javier"]
[Black "Menna Barreto, Felipe Kubiaki"]
[Result "0-1"]
[BlackTitle "FM"]
[WhiteElo "1811"]
[BlackElo "2276"]
[WhiteFideId "3712532"]
[BlackFideId "2119757"]
[EventDate "2025.05.23"]

1. e4 d6 2. d4 Nf6 3. Bd3 Nc6 4. Ne2 e5 5. c3 d5 6. exd5 Qxd5 7. O-O Be7 8. a3
O-O 9. c4 Qd6 10. d5 e4 11. Bc2 Ne5 12. Nbc3 Nxc4 13. Nxe4 Nxe4 14. Bxe4 f5 15.
Bc2 Bf6 16. Rb1 Bd7 17. Bb3 Ne5 18. Bd2 Ng4 19. Bf4 Be5 20. Qd2 Bb5 21. h3 Bxe2
22. Qxe2 Bxf4 23. hxg4 Rae8 24. Qf3 Bh2+ 25. Kh1 Qh6 26. Qh3 Qxh3 27. gxh3 Be5
28. Kg2 fxg4 29. hxg4 Rf4 30. f3 Rd4 31. Rf2 g6 32. Bc2 Kg7 33. Be4 a5 34. Rc1
Kf6 35. Rfc2 Re7 36. Kf2 Bf4 37. Rh1 Ke5 38. Re1 Kd6 39. Kg2 Rd2+ 40. Rxd2 Bxd2
41. Re2 Bf4 42. Rc2 Rg7 43. Kf1 Rg8 44. Ke1 h5 45. Rg2 h4 46. Kf1 g5 47. Rc2 h3
48. Kg1 Ra8 49. Kf1 Ra6 50. Kg1 Rb6 51. Kf1 Rb3 52. Kg1 Re3 53. Rf2 Re1+ 54. Rf1
h2+ 55. Kg2 Rxf1 0-1

[Event "18th American Continental"]
[Site "Foz do Iguacu BRA"]
[Date "2025.05.24"]
[Round "2.57"]
[White "Villarreal, Agustin"]
[Black "De Fassio, Davi Dos Santos"]
[Result "1-0"]
[WhiteTitle "FM"]
[WhiteElo "2272"]
[BlackElo "1796"]
[WhiteFideId "125687"]
[BlackFideId "44705395"]
[EventDate "2025.05.23"]

1. Nf3 Nf6 2. c4 g6 3. Nc3 d5 4. d4 Bg7 5. Bg5 Ne4 6. Nxd5 Nxg5 7. Nxg5 e6 8.
Qd2 h6 9. Nh3 exd5 10. Nf4 c6 11. Qe3+ Qe7 12. Qxe7+ Kxe7 13. e3 Bf5 14. h3 h5
15. Be2 Nd7 16. b4 a6 17. O-O Nf6 18. Bd3 Ne4 19. Rac1 g5 20. Bxe4 dxe4 21. Ne2
Bg6 22. g4 1-0

[Event "18th American Continental"]
[Site "Foz do Iguacu BRA"]
[Date "2025.05.24"]
[Round "2.58"]
[White "Calcada, Henrique Galvan"]
[Black "Toniutti, Ezio"]
[Result "0-1"]
[BlackTitle "FM"]
[WhiteElo "1896"]
[BlackElo "2215"]
[WhiteFideId "22746080"]
[BlackFideId "113034"]
[EventDate "2025.05.23"]

1. Nf3 f5 2. c4 Nf6 3. g3 g6 4. Bg2 Bg7 5. Nc3 O-O 6. O-O d6 7. d4 c6 8. Qc2 Qc7
9. Rd1 Na6 10. Rb1 e5 11. b4 e4 12. Nd2 Qe7 13. b5 Nc7 14. bxc6 bxc6 15. Nb3 Ne6
16. Ba3 Nd8 17. e3 Re8 18. d5 c5 19. Nb5 Nb7 20. Qd2 a6 21. Nc3 Qc7 22. Qc2 Bd7
23. Nc1 Rab8 24. N1e2 Ng4 25. Na4 Ne5 26. Bf1 g5 27. Nb6 Na5 28. Nxd7 Qxd7 29.
Rxb8 Rxb8 30. Nc1 Rb6 31. Bb2 Rxb2 32. Qxb2 Nf3+ 33. Kg2 g4 0-1

[Event "18th American Continental"]
[Site "Foz do Iguacu BRA"]
[Date "2025.05.24"]
[Round "2.61"]
[White "Diaz Rosas, Julio Cesar"]
[Black "Pavoni, Felipe Stevanin"]
[Result "1-0"]
[WhiteTitle "FM"]
[WhiteElo "2373"]
[BlackElo "1868"]
[WhiteFideId "5105099"]
[BlackFideId "2189097"]
[EventDate "2025.05.23"]

1. d4 Nf6 2. c4 g6 3. Nc3 Bg7 4. e4 d6 5. Be2 O-O 6. Be3 e5 7. d5 Na6 8. h4 Nc5
9. Qc2 Ng4 10. Bxg4 Bxg4 11. f3 Bd7 12. h5 g5 13. h6 Bh8 14. Nge2 f5 15. O-O-O
b6 16. g3 fxe4 17. fxe4 Rf3 18. Qd2 Bf6 19. g4 Be7 20. Rdg1 Be8 21. Ng3 Bg6 22.
Nf5 Bf6 23. Kb1 a6 24. Rd1 a5 25. Rhe1 a4 26. Qh2 Rf4 27. Ne2 Rxe4 28. Bxc5 Rxe2
29. Rxe2 bxc5 30. Re4 Qd7 31. Rf1 Rb8 32. Qc2 Rf8 33. Rf3 Rb8 34. Kc1 Bh8 35.
Re2 Rf8 36. Qe4 Bxf5 37. Rxf5 Rxf5 38. gxf5 Bf6 39. Re3 Qd8 40. Qg4 Qf8 41. Qh5
Be7 42. Rg3 Qxf5 43. Rf3 Qg6 44. Qxg6+ hxg6 45. Kd2 g4 46. Rg3 Kh7 47. Rxg4 Kxh6
48. Ke3 Kh5 49. Rg2 Bg5+ 50. Ke4 Bf4 51. a3 g5 52. b3 axb3 53. a4 Kh4 54. a5 Kh3 1-0

[Event "18th American Continental"]
[Site "Foz do Iguacu BRA"]
[Date "2025.05.24"]
[Round "2.62"]
[White "Ferreira, Henrique Camara"]
[Black "Prado Oliveira, Fellipe"]
[Result "0-1"]
[WhiteElo "2188"]
[BlackElo "1863"]
[WhiteFideId "2108011"]
[BlackFideId "2114895"]
[EventDate "2025.05.23"]

1. d4 Nf6 2. c4 g6 3. Nc3 Bg7 4. e4 d6 5. Nf3 O-O 6. Be2 c5 7. O-O Nc6 8. d5 Na5
9. h3 a6 10. Be3 Rb8 11. a4 Bd7 12. Qc2 Ne8 13. Ne1 e6 14. Rb1 exd5 15. Nxd5 b5
16. axb5 axb5 17. cxb5 Bxb5 18. Bxb5 Rxb5 19. b4 cxb4 20. Rxb4 Rxb4 21. Nxb4 Nf6
22. f3 Re8 23. Ned3 d5 24. e5 Nc4 25. Bd4 Nh5 26. Re1 Bxe5 27. Nxe5 Nxe5 28. Qc3
Nxf3+ 29. gxf3 Qg5+ 30. Kh1 Ng3+ 31. Kh2 Ne2 32. Qc7 Qd2 33. Bc3 Nxc3+ 0-1

[Event "18th American Continental"]
[Site "Foz do Iguacu BRA"]
[Date "2025.05.24"]
[Round "2.63"]
[White "Souza Neto, Hilton Vilarim De"]
[Black "Gonzalez Culi, Diego"]
[Result "0-1"]
[WhiteElo "1881"]
[BlackElo "2099"]
[WhiteFideId "2124033"]
[BlackFideId "3409520"]
[EventDate "2025.05.23"]

1. e4 e6 2. d3 d5 3. Nd2 Nf6 4. g3 c5 5. Bg2 Nc6 6. e5 Nxe5 7. Qe2 Bd6 8. b3 O-O
9. Bb2 Nc6 10. Ngf3 e5 11. O-O Nd4 12. Nxd4 exd4 13. c3 Re8 14. Qd1 dxc3 15.
Bxc3 d4 16. Bb2 Bg4 17. Qc2 Qd7 18. Rfe1 Rac8 19. Ne4 Nxe4 20. Bxe4 Re7 21. f4
Rce8 22. Qf2 g6 23. Bc1 Bf5 24. Qg2 Bxe4 25. dxe4 Qc6 26. Bd2 Rxe4 27. Rxe4 Qxe4
28. Qxe4 Rxe4 29. Kf2 f5 30. Rc1 Kf7 31. a4 Ke6 32. h4 h5 33. Kf3 Kd5 34. Rb1 b6
35. Re1 a6 36. Rc1 b5 37. a5 Bc7 38. Kf2 c4 39. b4 Bd6 40. Rg1 c3 41. Bc1 d3 42.
Rd1 Kc4 43. Be3 Bxb4 44. Rb1 c2 0-1

[Event "18th American Continental"]
[Site "Foz do Iguacu BRA"]
[Date "2025.05.24"]
[Round "2.80"]
[White "Bucci, Andrea Vidigal"]
[Black "El Zwei, Aiman Mohamed"]
[Result "0-1"]
[WhiteElo "1791"]
[BlackElo "1980"]
[WhiteFideId "2115921"]
[BlackFideId "44733909"]
[EventDate "2025.05.23"]

1. e4 c5 2. Nf3 Nc6 3. Bc4 Nf6 4. d3 h6 5. h3 d6 6. Be3 g6 7. Nc3 Bg7 8. Qd2 a6
9. a3 Qc7 10. O-O g5 11. Ba2 Be6 12. Nd5 Qd7 13. Nxf6+ Bxf6 14. Bxe6 Qxe6 15. d4
cxd4 16. Bxd4 O-O-O 17. Bxf6 Qxf6 18. c3 Rhg8 19. Nh2 h5 20. Qd5 Ne5 21. g4 hxg4
22. Nxg4 Qf4 23. Nxe5 Qxe5 24. Qxf7 g4 25. h4 g3 0-1

[Event "18th American Continental"]
[Site "Foz do Iguacu BRA"]
[Date "2025.05.24"]
[Round "2.81"]
[White "Raimundo, Airton Carlos Nunes"]
[Black "Diaz Bermudez, Pedro Teofilo"]
[Result "1-0"]
[WhiteElo "1975"]
[BlackElo "1764"]
[WhiteFideId "2114526"]
[BlackFideId "3856429"]
[EventDate "2025.05.23"]

1. e4 c5 2. Nc3 d6 3. d4 cxd4 4. Qxd4 Nc6 5. Qd2 a6 6. b3 g6 7. Bb2 Bg7 8. O-O-O
Nf6 9. f3 O-O 10. Kb1 b5 11. g4 Qa5 12. Nge2 Be6 13. Nd5 Qxd2 14. Rxd2 Nd7 15.
Ng3 Bxb2 16. Kxb2 Rac8 17. Be2 Nc5 18. h4 Kg7 19. Nf4 h6 20. Rg1 Kh8 21. Nd5 Rb8
22. f4 Rb7 23. Ne3 Kg7 24. f5 Bc8 25. g5 h5 26. f6+ Kg8 27. fxe7 Rxe7 28. Nd5
Re6 29. Rgd1 Kg7 30. Nf6 Rd8 31. Bf3 Ne5 32. Bg2 Ng4 33. Nd5 Bb7 34. b4 Na4+ 35.
Kb3 Bxd5+ 36. exd5 Re3+ 37. Rd3 Rde8 38. Ne4 R3xe4 39. Bxe4 Nf2 40. Bf3 Nxd1 41.
Bxd1 Re4 42. Rf3 Rd4 43. Be2 Nb6 44. Rd3 Rxh4 45. Bf3 Rf4 46. Kc3 Rf5 47. Kd4
Nc4 48. a4 Rf4+ 49. Kc3 Ne5 50. axb5 axb5 51. Be2 Rc4+ 52. Kb3 Rc7 53. Rd4 Rb7
54. c4 bxc4+ 55. Bxc4 Nxc4 56. Kxc4 f6 57. gxf6+ Kxf6 58. Re4 g5 59. Re6+ Kf5
60. Rxd6 g4 61. Rh6 Kg5 62. Rh8 Rg7 63. d6 g3 64. b5 Kg4 65. Re8 g2 66. Re1 Kf3
67. Kc5 Kf2 68. Ra1 1-0

[Event "18th American Continental"]
[Site "Foz do Iguacu BRA"]
[Date "2025.05.24"]
[Round "2.82"]
[White "Medeiros, Thauane Ferreira"]
[Black "Vieira, Erico Vinicius Duarte"]
[Result "1-0"]
[WhiteTitle "WFM"]
[WhiteElo "1972"]
[BlackElo "1753"]
[WhiteFideId "2134470"]
[BlackFideId "2181843"]
[EventDate "2025.05.23"]

1. d4 d5 2. Bg5 Nf6 3. Bxf6 exf6 4. e3 Bd6 5. g3 O-O 6. Bg2 c6 7. Ne2 Bf5 8. O-O
Nd7 9. Nd2 Nb6 10. b3 Be6 11. c3 Qd7 12. Re1 Bh3 13. Bh1 Rae8 14. a4 Bc7 15. a5
Nc8 16. c4 Ne7 17. Nc3 Be6 18. Qc2 f5 19. Qb2 g6 20. Ra2 Kg7 21. a6 b6 22. b4 f6
23. b5 Rc8 24. bxc6 Qd6 25. Qb5 Rfd8 26. Qa4 Bb8 27. Nb5 Qxc6 28. Rc2 Qd7 29. c5
Nc6 30. Nb3 Bc7 31. Rec1 h5 32. Nxc7 Qxc7 33. cxb6 Qxb6 34. Rxc6 Rxc6 35. Qxc6 1-0

[Event "18th American Continental"]
[Site "Foz do Iguacu BRA"]
[Date "2025.05.24"]
[Round "2.83"]
[White "Ramos, Beny Irwing Pankiewicz"]
[Black "Calcada, Lucas Galvan"]
[Result "0-1"]
[WhiteElo "1773"]
[BlackElo "1967"]
[WhiteFideId "22725270"]
[BlackFideId "22746099"]
[EventDate "2025.05.23"]

1. d4 Nf6 2. Nf3 e6 3. Bg5 d5 4. e3 Bd6 5. Bd3 Nbd7 6. O-O e5 7. dxe5 Nxe5 8.
Nxe5 Bxe5 9. Bxf6 Qxf6 10. c3 c6 11. Nd2 O-O 12. Qf3 Qh6 13. h3 f5 14. Be2 Bd7
15. Qh5 Qd6 16. Rad1 Qe7 17. Nf3 Bf6 18. Nd4 g6 19. Qf3 Be8 20. a4 Bf7 21. a5 c5
22. Nc2 Rad8 23. Rfe1 Qc7 24. Ra1 Be6 25. Red1 Be5 26. Ne1 f4 27. Nd3 Bd6 28.
exf4 Bxf4 29. Nxf4 Rxf4 30. Qg3 Qf7 31. Bf3 Rf8 32. Rd3 d4 33. Rad1 Bb3 34. Re1
Bc4 35. Rd2 Bd5 36. Bxd5 Qxd5 37. cxd4 cxd4 38. b4 Qc4 39. Qa3 R8f7 40. f3 Qd5
41. Qa2 Qd6 42. Qb3 Kg7 43. Red1 Qc6 44. Qd3 Qd6 45. b5 Qb4 46. a6 bxa6 47. bxa6
Rd7 48. Rb1 Qe7 49. Re2 Qf7 50. Re4 Rxe4 51. Qxe4 d3 52. Qe5+ Qf6 53. Qxf6+ Kxf6
54. Rd1 Ke5 55. Kf2 Kd4 56. Rd2 Kc3 57. Ke1 Rd6 58. Ra2 Rb6 59. Ra3+ Kd4 60.
Ra4+ Kc3 61. Ra3+ Kc2 62. Ra2+ Kc1 63. Ra1+ Kb2 64. Ra5 Kc3 65. Ra3+ Kc4 66.
Ra4+ Kc5 67. Kd2 Rb2+ 68. Kxd3 Rxg2 69. Rh4 h5 70. Rd4 Rg3 71. Kc3 Kb5 72. Rd6
Rg1 73. Kd4 h4 0-1

[Event "18th American Continental"]
[Site "Foz do Iguacu BRA"]
[Date "2025.05.24"]
[Round "2.85"]
[White "Britez, G Jorge A"]
[Black "Bail, Ellen Larissa"]
[Result "1-0"]
[WhiteElo "1764"]
[BlackElo "1964"]
[WhiteFideId "3700585"]
[BlackFideId "2142171"]
[EventDate "2025.05.23"]

1. e4 e6 2. d4 d5 3. Nc3 Nf6 4. e5 Nfd7 5. Nce2 c5 6. c3 cxd4 7. cxd4 f5 8. exf6
Qxf6 9. Nf3 Bd6 10. Bg5 Qf7 11. Bh4 O-O 12. Bg3 Bxg3 13. Nxg3 e5 14. dxe5 Nxe5
15. Be2 Nbc6 16. O-O Nxf3+ 17. Bxf3 Be6 18. Re1 Rad8 19. Qd2 Qd7 20. Rad1 d4 21.
b4 a6 22. a4 Bb3 23. Rb1 Bc4 24. b5 axb5 25. axb5 Na7 26. Qg5 h6 27. Qc5 Bd3 28.
Qxa7 Bxb1 29. Rxb1 d3 30. Qxb7 Qxb7 31. Bxb7 d2 32. Rd1 Rfe8 33. Ne4 Kf7 34. f3
Rd4 35. Kf2 Red8 36. Ke2 Rb4 37. Bc6 Ke6 38. Rxd2 Rxd2+ 39. Nxd2 Rb2 40. Ke3 g5
41. g4 Rb4 42. h3 Kd6 43. Ne4+ Ke5 44. Nc5 Kd6 45. Nd3 Ra4 46. f4 gxf4+ 47. Nxf4
Rb4 48. Kf3 Rc4 49. Kg3 Ke5 50. Nh5 Rb4 51. Kh4 Rb3 52. Ng7 Rc3 53. Be8 Rb3 54.
Nf5 h5 55. Bxh5 Rxb5 56. Kg5 Rb8 57. h4 Rg8+ 58. Bg6 Ke6 59. h5 Ke5 60. h6 Rh8 1-0

[Event "18th American Continental"]
[Site "Foz do Iguacu BRA"]
[Date "2025.05.24"]
[Round "2.86"]
[White "Arias Diaz, Javier Alonso"]
[Black "Vieira, Luana Saddi"]
[Result "1-0"]
[WhiteElo "1962"]
[BlackElo "1716"]
[WhiteFideId "3441318"]
[BlackFideId "22738762"]
[EventDate "2025.05.23"]

1. d4 Nf6 2. c4 g6 3. Nc3 Bg7 4. e4 d6 5. h3 O-O 6. Be3 a5 7. g4 e5 8. d5 Na6 9.
Qd2 Nc5 10. f3 Nfd7 11. O-O-O Nb6 12. h4 Bd7 13. h5 Qe7 14. Nh3 Nba4 15. Nb5
Bxb5 16. cxb5 f6 17. hxg6 hxg6 18. b3 Nb6 19. Bxc5 dxc5 20. d6 Qd7 21. g5 Rfd8
22. gxf6 Bxf6 23. Qh6 cxd6 24. Qxg6+ Qg7 25. Qf5 Kf7 26. Bc4+ Nxc4 27. Rdg1 Qf8
28. Ng5+ Ke8 29. Nh7 Ne3 30. Qxf6 1-0

[Event "18th American Continental"]
[Site "Foz do Iguacu BRA"]
[Date "2025.05.24"]
[Round "2.87"]
[White "Zottis, Pietro"]
[Black "Cezar, Ricardo De Almeida"]
[Result "1/2-1/2"]
[WhiteElo "1757"]
[BlackElo "1962"]
[WhiteFideId "22746838"]
[BlackFideId "2172968"]
[EventDate "2025.05.23"]

1. d4 d5 2. c4 e6 3. Nc3 c6 4. cxd5 exd5 5. Bf4 Bf5 6. e3 Nf6 7. Bd3 Ne4 8. Qc2
Bb4 9. Ne2 Nd7 10. O-O Ndf6 11. f3 Nxc3 12. bxc3 Bxd3 13. Qxd3 Bd6 14. Bxd6 Qxd6 1/2-1/2

[Event "18th American Continental"]
[Site "Foz do Iguacu BRA"]
[Date "2025.05.24"]
[Round "2.88"]
[White "Da Luz, Felipe Garcia"]
[Black "Spieker, Otavio Schmidt"]
[Result "1-0"]
[WhiteElo "1961"]
[BlackElo "1678"]
[WhiteFideId "2158809"]
[BlackFideId "22733833"]
[EventDate "2025.05.23"]

1. d4 d5 2. Nc3 Nf6 3. Bf4 c6 4. e3 e6 5. Nf3 Nbd7 6. Bd3 Be7 7. Ne5 O-O 8. Qf3
c5 9. Nxd7 Bxd7 10. dxc5 Bxc5 11. Be5 Be7 12. Qh3 g6 13. Qf3 Bc6 14. Qe2 a6 15.
O-O Nd7 16. Bg3 Bf6 17. Qd2 Ne5 18. Rad1 Nxd3 19. cxd3 Qb6 20. d4 Rfe8 21. Rfe1
e5 22. dxe5 Bxe5 23. Bxe5 Rxe5 24. Ne2 Rae8 25. Qd4 Qd8 26. Nc3 f5 27. Re2 Qe7
28. Red2 Rd8 29. b4 Qe8 30. a4 Re6 31. a5 Kf7 32. Qc5 Re5 33. g3 Qe6 34. Qd4 Qe7
35. Re1 Re8 36. Rb1 Ra8 37. Rbd1 Rd8 38. Kg2 g5 39. Rh1 h5 40. h4 g4 41. Rhd1
Kg6 42. Kg1 Qe6 43. Ne2 Qe8 44. Nf4+ Kh6 45. Rc1 Qe7 46. Rc5 Re4 47. Qc3 d4 48.
Rxc6+ bxc6 49. Qxc6+ Rd6 50. Qc8 Rxf4 51. Qh8+ Kg6 52. Qg8+ Kh6 53. gxf4 Rd8 54.
Qg5+ Qxg5 55. hxg5+ Kg6 56. Rxd4 Re8 57. Rd6+ Kg7 58. Rxa6 h4 59. Rb6 h3 60. a6
Rc8 61. Kh2 Rc2 62. Kg3 Rb2 63. a7 Ra2 64. a8=Q Rxa8 65. f3 Ra3 66. fxg4 Rxe3+
67. Kf2 Re4 68. Kf3 Rxb4 69. gxf5 Rb5 70. Kg4 Rb1 71. Kxh3 Rh1+ 72. Kg3 Rb1 73.
Rc6 Rg1+ 74. Kf3 Rf1+ 75. Ke3 Re1+ 76. Kf2 Re4 77. Rc7+ Kf8 78. Kf3 Re1 79. f6
Rf1+ 80. Kg4 Rg1+ 81. Kf5 Rb1 82. Kg6 Ke8 83. f7+ Kf8 84. Rc8+ Ke7 85. f8=Q+ Kd7
86. Qd8+ Ke6 87. Rc6# 1-0

[Event "18th American Continental"]
[Site "Foz do Iguacu BRA"]
[Date "2025.05.24"]
[Round "2.89"]
[White "Gomes, Marco Tulio Caldeira"]
[Black "Andrade, Roberto Luiz Costa"]
[Result "1/2-1/2"]
[BlackTitle "FM"]
[WhiteElo "1752"]
[BlackElo "1959"]
[WhiteFideId "2115271"]
[BlackFideId "2101521"]
[EventDate "2025.05.23"]

1. c4 Nf6 2. Nc3 d5 3. d4 g6 4. g3 Bg7 5. cxd5 Nxd5 6. Bg2 Nxc3 7. bxc3 c5 8.
Nf3 cxd4 9. cxd4 Nc6 10. e3 O-O 11. O-O Be6 12. Rb1 Rb8 13. a4 Ba2 14. Rb2 Bc4
15. Re1 Qd6 16. Qc2 Ba6 17. Bd2 Rfc8 18. Qb3 e6 19. Rc1 Bf8 20. Rbc2 b6 21. h4
Nb4 22. Rxc8 Rxc8 23. Rxc8 Bxc8 24. Ne5 Nd5 25. Qc4 Bb7 26. a5 a6 27. axb6 Nxb6
28. Qb3 Bxg2 29. Kxg2 f6 30. Nd3 Qc6+ 31. Kh2 Kf7 32. Nf4 Nc4 33. Bc3 e5 34. Nd3
a5 35. Qc2 Qb5 36. Nc1 Ba3 37. Kg2 Bxc1 38. Qxc1 a4 39. Ba1 Qb3 40. e4 Qd3 41.
d5 a3 42. Qf4 f5 43. Qh6 Kg8 44. exf5 Qe4+ 45. Kh2 Qe2 46. Kg2 1/2-1/2

[Event "18th American Continental"]
[Site "Foz do Iguacu BRA"]
[Date "2025.05.24"]
[Round "2.90"]
[White "Kaneda, Eric Kazuichi"]
[Black "Paredes Almada, Andres Joaquin"]
[Result "1-0"]
[WhiteElo "1949"]
[BlackElo "1670"]
[WhiteFideId "2141337"]
[BlackFideId "3713733"]
[EventDate "2025.05.23"]

1. d4 Nf6 2. c4 d6 3. Nc3 e5 4. dxe5 dxe5 5. Qxd8+ Kxd8 6. g3 Be6 7. Bg2 c6 8.
Nf3 Nbd7 9. b3 h6 10. O-O g5 11. Bb2 Bg7 12. Rfd1 Kc7 13. Rac1 Ne8 14. Nd5+ Kb8
15. Nc3 f5 16. b4 Bf6 17. Na4 Kc7 18. b5 c5 19. Rxd7+ Bxd7 20. Bxe5+ Bxe5 21.
Nxe5 Rb8 22. Nxc5 Nf6 23. Rd1 Rh7 24. a4 Re7 25. f4 gxf4 26. gxf4 Rg8 27. Kf2
Rxe5 28. fxe5 Ng4+ 29. Ke1 Nxe5 30. Nxd7 Nxd7 31. Bh3 Ne5 32. Rd5 Ng4 33. Rxf5
Ne3 34. Re5 Ng4 35. Re7+ Kb8 36. Bg2 Nxh2 37. Rxb7+ Kc8 38. Bd5 Rg5 39. Rxa7 h5
40. b6 Rxd5 41. cxd5 Ng4 42. Rh7 Nf6 43. Rh6 Nxd5 44. a5 Kb7 45. Rxh5 Nb4 46.
Rh7+ Kb8 47. Kd2 Nc6 48. a6 Nb4 49. Rh8# 1-0

[Event "18th American Continental"]
[Site "Foz do Iguacu BRA"]
[Date "2025.05.24"]
[Round "2.91"]
[White "Lugo Martinez, Jimena Sofia"]
[Black "Hernandez Bermudez, Manuela"]
[Result "0-1"]
[BlackTitle "WFM"]
[WhiteElo "1734"]
[BlackElo "1947"]
[WhiteFideId "3710793"]
[BlackFideId "4483103"]
[EventDate "2025.05.23"]

1. e4 c5 2. Nc3 d6 3. g3 Nc6 4. Bg2 g6 5. d3 Bg7 6. Nge2 Rb8 7. Be3 b5 8. Qd2 b4
9. Nd1 h5 10. h3 a5 11. f4 e6 12. Rb1 Nge7 13. b3 Nd4 14. Nb2 Ba6 15. Na4 Bb5
16. Nb2 O-O 17. Nc4 Re8 18. Nxd4 cxd4 19. Bf2 Qc7 20. g4 d5 21. Nb2 dxe4 22.
Bxe4 hxg4 23. hxg4 Nd5 24. Bxd5 exd5+ 25. Kd1 Bd7 26. f5 Rbc8 27. Rc1 Qe5 28.
Bh4 Bxf5 29. gxf5 Qxf5 30. Rh2 Qg4+ 31. Re2 Qxh4 32. Qe1 Qg4 33. Na4 Re6 0-1

[Event "18th American Continental"]
[Site "Foz do Iguacu BRA"]
[Date "2025.05.24"]
[Round "2.92"]
[White "Nunes, Agatha Hurba"]
[Black "Janke, Ligia"]
[Result "1-0"]
[WhiteTitle "WFM"]
[WhiteElo "1947"]
[BlackElo "1649"]
[WhiteFideId "2114852"]
[BlackFideId "538021609"]
[EventDate "2025.05.23"]

1. d4 Nf6 2. c4 g6 3. Nc3 d5 4. cxd5 Nxd5 5. e4 Nxc3 6. bxc3 Bg7 7. Be3 c5 8.
Rb1 O-O 9. Bc4 Qa5 10. Qd2 a6 11. Ne2 Rd8 12. Rb2 e6 13. O-O b5 14. Bb3 Bb7 15.
Bg5 Rd7 16. Qf4 Qc7 17. e5 cxd4 18. cxd4 Bd5 19. Bxd5 Rxd5 20. Rc1 Qd6 21. Rc8+
Bf8 22. Rbc2 Ra7 23. Rxf8+ 1-0

[Event "18th American Continental"]
[Site "Foz do Iguacu BRA"]
[Date "2025.05.24"]
[Round "2.93"]
[White "Orlandi Neto, Aristides"]
[Black "Pimenta, Jeronimo Marques"]
[Result "0-1"]
[WhiteElo "1704"]
[BlackElo "1946"]
[WhiteFideId "2133970"]
[BlackFideId "2116448"]
[EventDate "2025.05.23"]

1. d4 d5 2. Nf3 c6 3. Bf4 Nf6 4. e3 e6 5. Bd3 g6 6. Nbd2 Bg7 7. c3 O-O 8. Qe2
Nh5 9. Bg3 Nxg3 10. hxg3 Nd7 11. e4 e5 12. dxe5 Nxe5 13. Nxe5 Bxe5 14. Nf3 Bg7
15. O-O-O dxe4 16. Bxe4 Qa5 17. a3 Re8 18. Qc2 Be6 19. Kb1 Rad8 20. Rxd8 Qxd8
21. Qa4 Qb6 22. Nd4 Bxd4 23. Qxd4 Qxd4 24. cxd4 Bb3 25. Bc2 Bxc2+ 26. Kxc2 Re2+
27. Kc3 Rxf2 28. Rh2 h5 29. b4 Kf8 30. a4 Ke7 31. Kc4 Rc2+ 32. Kb3 Re2 33. Kc4
Kd6 34. a5 Re3 35. Rh3 b5+ 36. axb6 axb6 37. b5 cxb5+ 38. Kxb5 Kd5 39. Kxb6 Kxd4
40. Kc6 Ke4 41. Kd7 Kf5 42. g4+ Kf4 43. gxh5 Rxh3 44. hxg6 Rd3+ 45. Ke7 fxg6 0-1

[Event "18th American Continental"]
[Site "Foz do Iguacu BRA"]
[Date "2025.05.24"]
[Round "2.94"]
[White "De Oliveira, Jairo Quintiliano"]
[Black "De Andrade, Arthur Batuli"]
[Result "1-0"]
[WhiteElo "1942"]
[BlackElo "1646"]
[WhiteFideId "22792503"]
[BlackFideId "22789820"]
[EventDate "2025.05.23"]

1. d4 d5 2. c4 c6 3. Nf3 Nf6 4. Nc3 e6 5. e3 Nbd7 6. Qc2 Be7 7. Be2 O-O 8. O-O
Re8 9. b3 b6 10. Bb2 Bb7 11. Rfd1 Rc8 12. e4 dxe4 13. Nxe4 Qc7 14. Nxf6+ Bxf6
15. Bd3 h6 16. Bh7+ Kh8 17. Be4 c5 18. Bxb7 Qxb7 19. dxc5 Bxb2 20. Qxb2 Rxc5 21.
Qd4 Rc7 22. Rd2 e5 23. Qd5 Qxd5 24. Rxd5 e4 25. Nd4 Nf6 26. Rd6 Rd7 27. Rxd7
Nxd7 28. Nc6 a6 29. Rd1 Rc8 30. Ne7 Rc7 31. Nd5 Rc5 32. Nb4 Ne5 33. Nxa6 Ra5 34.
Nb4 Nd3 35. Nxd3 exd3 36. a4 Re5 37. g3 d2 38. Rxd2 Re1+ 39. Kg2 Rb1 40. Rd3 Kh7
41. h4 g5 42. hxg5 hxg5 43. g4 Kg7 44. Kf3 Rb2 45. Ke3 Kh7 46. f3 Rb1 47. Kd4
Re1 48. c5 bxc5+ 49. Kxc5 Re5+ 50. Kc4 Kg6 51. b4 f5 52. gxf5+ Kxf5 53. a5 Kf4
54. a6 Re8 55. b5 Rc8+ 56. Kb4 Re8 57. a7 1-0